<?xml version="1.0" encoding="UTF-8"?>
<record
    xmlns:xsi="http://www.w3.org/2001/XMLSchema-instance"
    xsi:schemaLocation="http://www.loc.gov/MARC21/slim http://www.loc.gov/standards/marcxml/schema/MARC21slim.xsd"
    xmlns="http://www.loc.gov/MARC21/slim">

  <leader>01049nam a2200133   4500</leader>
  <controlfield tag="008">9780300233902</controlfield>
  <datafield tag="020" ind1=" " ind2=" ">
    <subfield code="a">9780300233902</subfield>
  </datafield>
  <datafield tag="100" ind1=" " ind2=" ">
    <subfield code="a">S&#xE1;nchez, Zilia </subfield>
    <subfield code="9">7175</subfield>
  </datafield>
  <datafield tag="245" ind1=" " ind2=" ">
    <subfield code="a">Soy isla </subfield>
  </datafield>
  <datafield tag="260" ind1=" " ind2=" ">
    <subfield code="a">Nueva York </subfield>
    <subfield code="b">The Phillips Collection </subfield>
    <subfield code="c">2019</subfield>
  </datafield>
  <datafield tag="300" ind1=" " ind2=" ">
    <subfield code="a">188 p. </subfield>
    <subfield code="b">il. (col)</subfield>
    <subfield code="c">26.5 x 25 cm </subfield>
  </datafield>
  <datafield tag="505" ind1=" " ind2=" ">
    <subfield code="t">Foreword and Acknowledgments</subfield>
    <subfield code="r">Dorothy Kosinski </subfield>
    <subfield code="t">Embodied Spaces of Zilia S&#xE1;nchez</subfield>
    <subfield code="r">Vesela Sretenovi&#x107;</subfield>
    <subfield code="t">In Retrospect: Talking with Zilia S&#xE1;nchez </subfield>
    <subfield code="r">Vesela Sretenovi&#x107;</subfield>
    <subfield code="t">Zilia S&#xE1;nchez: Sensuality and Desire in Cuban Landscape Painting </subfield>
    <subfield code="r">Ingrid W. Elliott </subfield>
    <subfield code="t">The (Printed) Medium of Exile</subfield>
    <subfield code="r">Abigail McEwen </subfield>
    <subfield code="t">Deconding Homotextuality in the Work of Zilia S&#xE1;nchez </subfield>
    <subfield code="r">Carla Acevedo-Yates </subfield>
    <subfield code="t">Personal Encounter: Zilia S&#xE1;nchez in 1960 New York </subfield>
    <subfield code="r">Mercedes Cort&#xE1;zar </subfield>
    <subfield code="t">Plates </subfield>
    <subfield code="t">Chronology </subfield>
    <subfield code="r">Alyson Cluck </subfield>
    <subfield code="t">Selected Bibliography </subfield>
    <subfield code="t">Works in the Exhibition</subfield>
    <subfield code="t">Lenders to the Exhibition </subfield>
    <subfield code="t">Index</subfield>
    <subfield code="t">Photo Credits </subfield>
  </datafield>
  <datafield tag="650" ind1=" " ind2=" ">
    <subfield code="x">arte contempor&#xE1;neo </subfield>
    <subfield code="x">arte - exhibiciones </subfield>
    <subfield code="x">Cuba</subfield>
    <subfield code="x">S&#xE1;nchez, Zilia - biograf&#xED;a </subfield>
    <subfield code="x">Arte - dibujo </subfield>
    <subfield code="x">arte - pintura </subfield>
    <subfield code="x">arte - escultura </subfield>
    <subfield code="9">7176</subfield>
  </datafield>
  <datafield tag="999" ind1=" " ind2=" ">
    <subfield code="c">1847</subfield>
    <subfield code="d">1847</subfield>
  </datafield>
  <datafield tag="952" ind1=" " ind2=" ">
    <subfield code="0">0</subfield>
    <subfield code="1">0</subfield>
    <subfield code="2">ddc</subfield>
    <subfield code="4">0</subfield>
    <subfield code="7">0</subfield>
    <subfield code="a">LV</subfield>
    <subfield code="b">LV</subfield>
    <subfield code="c">Monograf&#xED;as</subfield>
    <subfield code="d">2019-09-05</subfield>
    <subfield code="l">0</subfield>
    <subfield code="p">004850</subfield>
    <subfield code="r">2019-09-05 00:00:00</subfield>
    <subfield code="w">2019-09-05</subfield>
    <subfield code="y">01</subfield>
  </datafield>
</record>
